| 000 | 00361 a2200121 4500 | ||
|---|---|---|---|
| 020 | _a1856841537 | ||
| 020 | _a978-1856841535 | ||
| 050 |
_aBR1720 _b.G28 1997 |
||
| 245 |
_aOne to One: _bEffective Way to Nurture Christians / _cStephen Gaukroger and David Warren. |
||
| 260 |
_aEngland : _bCrossway Books, _cc1997. |
||
| 300 |
_a159 p. ; _c18 cm. |
||
| 942 |
_2lcc _cBK _n0 |
||
| 999 |
_c4384 _d4384 |
||